00716nam a22002177a 450000500170000001000130001702000100003003500130004003700160005304000120006908200160008110000340009724500640013126000340019530000190022965000330024865000240028194200250030599900190033095201490034920170124110208.0 aA-800441 c90.00 aA-800441 bCen Lib/Ret aDPLbEN a181.41bSHU aShukla, Dinesh Chandra937718 aSpiritual heritage of Rajasthan /cby Dinesh Chandra Shukla aJodhpurbBooks Treasurec1995 a88p.c21cm(Hb) aRajasthan -- Religion972204 aHindu saints925421 2ddccENh181.41mSHU c133360d133360 04104070aLbLd2015-07-25eCen Lib/Ret g90.00l0o181.41 SHUpA-800441r2015-07-25 00:00:00t1v90.00w2015-07-25yENzW/d list no. 6802/4